| 000 | 00974cam a2200241 a 4500 | ||
|---|---|---|---|
| 001 | 000014624 | ||
| 005 | 20200929163857.0 | ||
| 008 | 020812s2001 mx ab b 001 0 spa d | ||
| 020 | _a970270104X | ||
| 040 |
_aDO-SdBNP _cIQU _dDLC _dBNPHU |
||
| 082 |
_aNNNN _bL925c, 2001 |
||
| 100 | 1 |
_aLópez Moreno, Eduardo _933127 |
|
| 245 | 1 | 3 |
_aLa cuadrícula : _ben el desarrollo de la ciudad hispanoamericana, Guadalajara, México / _cEduardo López Moreno. |
| 250 | _a2a ed. corr. y aum. | ||
| 260 |
_aGuadalajara : _bUniversidad de Guadalajara ; _bInstituto Tecnológico y de Estudios Superiores de Occidente, _c2001. |
||
| 300 |
_a226 p. : _bil., mapas ; _c28 cm. |
||
| 504 | _aIncluye referencias bibliográficas : p. 219-221. | ||
| 650 | 0 |
_aCity planning _zMéxico _zGuadalajara _xHistory. _933128 |
|
| 650 | 0 |
_aUrbanization _zMéxico _zGuadalajara _xHistory. _933129 |
|
| 651 | 0 |
_aGuadalajara (México{Rpara} _xHistory. _933130 |
|
| 910 | _aCatalogación derivada | ||
| 049 | _aBNGR | ||
| 999 |
_c14208 _d14208 |
||